| 000 | 01367cam a2200397 i 4500 | ||
|---|---|---|---|
| 999 |
_c200443988 _d62200 |
||
| 001 | 200443988 | ||
| 003 | TR-AnTOB | ||
| 005 | 20220702131116.0 | ||
| 007 | ta | ||
| 008 | 130328m20182010tu o 000 0 tur d | ||
| 020 | _a9786051141589 | ||
| 020 | _a6051141588 | ||
| 035 | _a(OCoLC)892515090 | ||
| 040 |
_aSULEY _beng _erda _cSULEY _dTR-AnTOB |
||
| 041 | 0 | _atur | |
| 050 | 0 | 4 |
_aBP190.5.S3 _bS494 2018 |
| 090 |
_aBP190.5.S3 _bS494 2018 |
||
| 100 | 1 |
_aSezgin, Fuat, _d1924-2018 _eauthor _973081 |
|
| 245 | 1 | 0 |
_aBilim tarihi sohbetleri / _cFuat Sezgin ; konuşan: Sefer Turan. |
| 250 | _a15. baskı Eylül 2018 | ||
| 264 | 1 |
_aFatih, İstanbul : _bTimaş, _c2018. |
|
| 300 |
_a194, 12 pages : _bphotographs ; _c21 cm |
||
| 336 |
_atext _btxt _2rdacontent |
||
| 337 |
_aunmediated _bn _2rdamedia |
||
| 338 |
_avolume _bnc _2rdacarrier |
||
| 490 | 0 |
_aTimaş Yayınları ; _v2332 _aBilim tarihi dizisi ; _v1 |
|
| 500 | _aEserin 1. baskısı : "Bilimler tarihçisi Fuat Sezgin" adıyla yayınlanmıştır. | ||
| 600 | 1 | 0 |
_aSezgin, Fuat, _d1924-2018 _vGörüşmeler _973081 |
| 650 | 7 |
_aİslam ve bilim _2etuturkob _911325 |
|
| 650 | 7 |
_aİslam ve felsefe _2etuturkob _910939 |
|
| 650 | 0 |
_aTeknoloji _xİslam ülkeleri _915100 |
|
| 650 | 7 |
_aBilim _xTarih _946733 _2etuturkob |
|
| 700 | 1 |
_aTuran, Sefer _einterviewer _912128 |
|
| 942 |
_2lcc _cBK |
||